00880nam a2200193 i 4500001000700000003000900007005001700016008004100033040002000074245011200094260008400206300002000290490007800310651003800388651007200426700004900498830007800547852006100625159341ES-MaACL20250927112035.0040913s1859 be |||| | fre d aCAM bspa cCAM00aMémoires anonymes sur les troubles des Pays-Bas, 1565-1580 / cavec notice et annotations par J.B. Blaes. aBruxelles : bSociété de l'Histoire de Belgique, c1859 (fM. Weissenbruch) a2 v. ; c22 cm.1 aCollection de mémoires relatifs a l'histoire de Belgique. XVIe siècle 4aBélgica-xHistoria-y1555-1648. 0aPaíses Bajos-xHistoria-y1556-1648 (Guerras de la Independencia)1 aBlaes, Jean Baptiste François, d1833-18610 aCollection de mémoires relatifs a l'histoire de Belgique. XVIe siècle aES-MaACLjF-2786 z-- Enc. hol. q-- Sólo t.I (406 p.)